| 000 | 00492nam a22002057a 4500 | ||
|---|---|---|---|
| 001 | 21526 | ||
| 005 | 20260311095007.0 | ||
| 008 | 260311b |||||||| |||| 00| 0 spa d | ||
| 041 | _aESP | ||
| 082 |
_a792.025 _bN28 |
||
| 100 | _aNavajas Seco, Fernando | ||
| 245 |
_aEscenografía : _bretórica de la imagen teatral |
||
| 260 |
_a : _b , _c2012 |
||
| 300 |
_a000 páginas : _b ; _c00 cm. |
||
| 440 | _a ; | ||
| 650 | _aGEN | ||
| 654 | _aCHU | ||
| 700 | _a; | ||
| 942 |
_cLIB _dJUS _fJUS _2ddc |
||
| 999 |
_c21526 _d21526 |
||